Odesszai hajósok csepeli vendégségben
Elmentve itt :
| Szerző: | |
|---|---|
| Dokumentumtípus: | Cikk |
| Megjelent: |
1977-10-30
|
| Sorozat: | Délmagyarország
67 No. 256 |
| Kulcsszavak: | Odessza |
| Online Access: | http://dmarchiv.bibl.u-szeged.hu/112049 |
| LEADER | 00448nab a2200157 i 4500 | ||
|---|---|---|---|
| 001 | delm112049 | ||
| 005 | 20190527131528.0 | ||
| 008 | 190527s1977 hu o 0|| hun d | ||
| 040 | |a SZTE Délmagyarország Archívum |b hun | ||
| 041 | |a hun | ||
| 100 | 1 | |a Repszin, R. | |
| 245 | 1 | 0 | |a Odesszai hajósok csepeli vendégségben |h [elektronikus dokumentum] / |c Repszin, R. |
| 260 | |c 1977-10-30 | ||
| 300 | |a 3 | ||
| 490 | 0 | |a Délmagyarország |v 67 No. 256 | |
| 695 | |a Odessza | ||